Bandiere Casuali 12° - Statistics

Statistiche generali
  • Questo quiz è stato fatto 37 volte
  • Il punteggio medio è 6 su 8
Statistiche sulle risposte
con Immagini Risposta % Corretto
Messico
97%
Spagna
97%
Macedonia del Nord
94%
Kenya
88%
Lettonia
82%
Botswana
59%
Gibilterra
59%
Groenlandia
35%
Nessun quiz corrispondente trovato
Distribuzione punteggi
Percentuale di utenti per punteggio
Percentile per numero di risposta
I tuoi punteggi nel tempo
Non hai fatto questo quiz